000 00610nam a22002177a 4500
005 20170124110104.0
010 _a666157
020 _c00.00
035 _a666157
037 _bCen Lib/Ret
040 _aDPL
_bEN
082 _a921
_bRAO
100 _aRao, V.K.R.V.
_927696
245 _aThe Nehru legancy /
_cby V.K.R.V. Rao
260 _aBombay
_bPopular Prakashan
_c1971
270 _bBombay
_a35-C, Pandit Madan Mohan Malviya Marg, Taredo
_e400034
300 _avi,92p.
_c21cm(Hb)
500 _aIncludes index
650 _aNehru -- Biography
_927697
942 _2ddc
_cEN
_h921
_mRAO
999 _c129889
_d129889